Normal view
MARC view
Entry Personal Name
001 - CONTROL NUMBER
- control field: 257547
003 - CONTROL NUMBER IDENTIFIER
- control field:
005 - DATE AND TIME OF LATEST TRANSACTION
- control field: 20210601205709.0
008 - FIXED-LENGTH DATA ELEMENTS
- fixed length control field: 210601|| aca||aabn | a|a d
040 ## - CATALOGING SOURCE
- Original cataloging agency:
- Transcribing agency:
100 ## - HEADING--PERSONAL NAME
- Personal name: Alexander, Michael,
- Dates associated with a name: 1920-
670 ## - SOURCE DATA FOUND
- Source citation: Work cat.: (): Alexander, Michael, 1920-, Offbeat in Asia :, c1960
